000 00632nam a2200217Ia 4500
005 20241129110943.0
008 241129s9999||||xx |||||||||||||| ||und||
020 _a978-0-367-56471-1
037 _aTB
040 _aCRL
_beng
_cCRL
041 _aeng
_2eng
084 _aR3xC57:g R2
_qCRL
100 _aEaglestone Robert Au.
_940744
245 0 _aTruth and wonder: a literary introduction to Plato and Aristotle
_cEaglestone Robert Au.
260 _aLondon, UK
_bRoutledge
_c2022
300 _aviii,203p.
365 _aUKP
_b24.99
650 _aPhilosophy
942 _cTB
_hR3xC57:g R2
999 _c1228262
_d1228262